Cruise tourism in polar regions : (Record no. 123480)
[ view plain ]
| 000 -LEADER | |
|---|---|
| fixed length control field | 01155cam a2200277 a 4500 |
| 001 - CONTROL NUMBER | |
| control field | vtls003225523 |
| 003 - CONTROL NUMBER IDENTIFIER | |
| control field | MY-SjTCS |
| 005 - DATE AND TIME OF LATEST TRANSACTION | |
| control field | 20200226113904.0 |
| 008 - FIXED-LENGTH DATA ELEMENTS--GENERAL INFORMATION | |
| fixed length control field | 111103s2010 enkab b 001 0 eng |
| 020 ## - INTERNATIONAL STANDARD BOOK NUMBER | |
| International Standard Book Number | 9781844078486 (hbk.) |
| 020 ## - INTERNATIONAL STANDARD BOOK NUMBER | |
| International Standard Book Number | 1844078485 (hbk.) |
| 039 #9 - LEVEL OF BIBLIOGRAPHIC CONTROL AND CODING DETAIL [OBSOLETE] | |
| Level of rules in bibliographic description | 201202021154 |
| Level of effort used to assign nonsubject heading access points | muhammad_fadzli |
| Level of effort used to assign subject headings | 201202021152 |
| Level of effort used to assign classification | muhammad_fadzli |
| -- | 201111030827 |
| -- | shaqilah |
| 082 04 - DEWEY DECIMAL CLASSIFICATION NUMBER | |
| Classification number | 910.911 |
| Item number | CRU 2010 |
| 245 00 - TITLE STATEMENT | |
| Title | Cruise tourism in polar regions : |
| Remainder of title | promoting environmental and social sustainability? |
| Statement of responsibility, etc. | edited by Michael Luck, Patrick T. Maher and Emma J. Stewart. |
| 260 ## - PUBLICATION, DISTRIBUTION, ETC. | |
| Place of publication, distribution, etc. | London ; |
| -- | Washington, DC : |
| Name of publisher, distributor, etc. | Earthscan, |
| Date of publication, distribution, etc. | 2010. |
| 300 ## - PHYSICAL DESCRIPTION | |
| Extent | xxvi, 246 p. : |
| Other physical details | ill., maps ; |
| Dimensions | 24 cm. |
| 504 ## - BIBLIOGRAPHY, ETC. NOTE | |
| Bibliography, etc. note | Includes bibliographical references and index. |
| 650 #0 - SUBJECT ADDED ENTRY--TOPICAL TERM | |
| Topical term or geographic name entry element | Tourism |
| Geographic subdivision | Polar regions. |
| 9 (RLIN) | 26161 |
| 650 #0 - SUBJECT ADDED ENTRY--TOPICAL TERM | |
| Topical term or geographic name entry element | Ocean travel |
| General subdivision | Environmental aspects |
| Geographic subdivision | Polar regions. |
| 650 #0 - SUBJECT ADDED ENTRY--TOPICAL TERM | |
| Topical term or geographic name entry element | Sustainable tourism |
| Geographic subdivision | Polar regions. |
| 651 #0 - SUBJECT ADDED ENTRY--GEOGRAPHIC NAME | |
| Geographic name | Polar regions |
| General subdivision | Environmental conditions. |
| 700 1# - ADDED ENTRY--PERSONAL NAME | |
| Personal name | Luck, Michael, |
| Dates associated with a name | 1966- |
| 9 (RLIN) | 57191 |
| 700 1# - ADDED ENTRY--PERSONAL NAME | |
| Personal name | Maher, Patrick T. |
| Fuller form of name | (Patrick Timothy) |
| 9 (RLIN) | 57192 |
| 700 1# - ADDED ENTRY--PERSONAL NAME | |
| Personal name | Stewart, Emma J. |
| Fuller form of name | (Emma Julie), |
| Dates associated with a name | 1972- |
| 9 (RLIN) | 57193 |
| 920 ## - Programme | |
| Programme | SHT : 175175 |
| Withdrawn status | Lost status | Source of classification or shelving scheme | Damaged status | Not for loan | Home library | Current library | Date acquired | Total Checkouts | Barcode | Date last seen | Date last checked out | Copy number | Uniform Resource Identifier | Koha item type | Public note |
|---|---|---|---|---|---|---|---|---|---|---|---|---|---|---|---|
| Dewey Decimal Classification | Taylor's Library-TU | Taylor's Library-TU | 01/12/2011 | 1 | 5000126499 | 05/12/2019 | 11/07/2016 | 1 | Floor 4, Shelf 36, Side 2, TierNo 1, BayNo 1 | Main Collection | SHTEx,70005,03,CL |